| 000 | 00914nam a22002177a 4500 | ||
|---|---|---|---|
| 005 | 20120813153336.0 | ||
| 010 | _aB-457645 | ||
| 020 |
_a9789380188096 _c900.00 |
||
| 035 | _aB-457645 | ||
| 037 |
_adpl _bK.K./Pub/Ven |
||
| 082 | _a954.084 | ||
| 100 |
_aShankar, Prabha Ravi. _951128 |
||
| 245 |
_aThe British committee of the Indian national congress 1889-1921/ _cby Prabha Ravi Shankar |
||
| 260 |
_aNew Delhi _bPromilla & Co. _c2011 |
||
| 270 |
_aC-127,Sarvodya Enclave _bNew Delhi _e110017 |
||
| 300 |
_a348p. _c22cm.(Hb) |
||
| 500 | _ait includes bibliography and index | ||
| 942 |
_2ddc _cEN _mSHA _h954.084 |
||
| 999 |
_c68992 _d68992 |
||